[Event "Goch op 04th"]
[Site "Goch"]
[Date "1993.??.??"]
[Round "1"]
[White "Rosenberger, Frank"]
[Black "Spelmans, T."]
[Result "1-0"]
[WhiteElo "2140"]
[BlackElo "1745"]
[PlyCount "61"]
[EventDate "1993.10.??"]
[EventType "swiss"]
[EventRounds "7"]
[EventCountry "GER"]
[SourceTitle "EXT 1998"]
[Source "ChessBase"]
[SourceDate "1997.11.17"]
[SourceVersion "1"]
[SourceVersionDate "1997.11.17"]
[SourceQuality "1"]

1. e4 e6 2. d4 d5 3. Nc3 Bb4 4. e5 c5 5. a3 Bxc3+ 6. bxc3 Ne7 7. a4 Qc7 8. Nf3 b6 9. Bb5+ Bd7 10. Bd3 Nbc6 11. Qd2 h6 12. 0-0 Rc8 13. Re1 Na5 14. Ba6 Ra8 15. h3 Bc8 16. Bd3 Bd7 17. Qf4 0-0 18. Qg3 f5 19. Bxh6 Rf7 20. Bf4 cxd4 21. cxd4 g6 22. Bg5 Nac6 23. Bf6 Rh7 24. Ng5 Rh6 25. Qf4 Rh5 26. Be2 Rf8 27. Bxe7 Nxe7 28. Bxh5 gxh5 29. Qf3 Qxc2 30. Rec1 Qd2 31. Qxh5 1-0